000 00542nam a2200217 a 4500
001 BS0000499
003 BR-BrBNA
005 20230904133037.0
008 230308b |||||||| |||| 00| 0 por d
040 _aBR-BrBNA
_bpor
_cBiblioteca Nacional de Agricultura
041 _apor
072 _aS85
090 _aS85 BS0000499
100 1 _aRobbins, Harold
245 1 _aStiletto /
250 1 _a15. ed.
260 3 _aNova York:
_bDell Publishing Co., Inc.,
_c1973.
300 _a255 p.
650 _aLITERATURA AMERICANA
942 _cBK
_2AGRIS
999 _c5562
_d5562